• 首页
  • 本馆介绍
  • 公告通知
  • 最新文献
  • 馆藏检索
  • 电子资源
  • 读者导购
  • 参考咨询
  • 我的图书馆
  • 登录
  • 详细信息显示
  • 放入我的书架
  • 预约/预借图书
  • 作者相关作品
  • 分类相关作品
  • 丛书相关作品
  • 出版社相关作品

书目信息

  • 表格格式
  • 工作单格式
  • 卡片格式
题名:
《商君书》论农政四篇注释
    
 
作者: 马宗申 注释
分册:  
出版信息: 北京   农业出版社  1985
页数: 55页
开本: 19cm
丛书名: 中国农书丛刊
单 册:
中图分类: B226.2
科图分类:
主题词: 商鞅
电子资源:
ISBN:
000 00774nam2 2200265 45
001 0185006755
005 20060728174351.45
010    @dCNY0.38
091    @a16144.2958
100    @a19900918d1985 em y0chiy0121 ea
101 0  @achi
102    @aCN@b110000
105    @ay z 000yy
200 12 @a《商君书》论农政四篇注释@A《 shang jun shu 》 lun nong zheng si pian zhu shi@f马宗申注释@FMa Zong Shen Zhu Shi
210    @a北京@c农业出版社@a西安@c陕西科学技术出版社@d1985
215    @a55页@d19cm
225 2  @a中国农书丛刊@i关中农书之部
410  0 @120010@a中国农书丛刊
605    @a商鞅@x哲学
606 0  @a商鞅
690    @aB226.2@v3
701  0 @a马宗申@4注释
801  2 @aCN@bNLC@c20060728
801  0 @aCN@b深圳图书馆@c20040429
905    @dB226.2@e57@f1@b168602
    
    《商君书》论农政四篇注释/马宗申注释.-北京:农业出版社;西安:陕西科学技术出版社,1985
    55页;19cm.-(中国农书丛刊.关中农书之部)
    
    
    ISBN :CNY0.38
    
●
相关链接 在E读中查询图书 在五车中查询图书 在当当中查询图书 在豆瓣中查询图书


正题名:《商君书》论农政四篇注释     索取号:B226.2/57         预约/预借

序号 登录号 条形码 馆藏地/架位号 状态 备注
1 0168601   000508150   密集书库/ [索取号:B226.2/57] 在馆    
2 0168602   000508141   第一样本阅览室/ [索取号:B226.2/57] 在馆    
3 0440642   204406428   密集书库/ [索取号:B226.2/57] 在馆    
唐山师范学院图书馆 欢迎您!
大连网信软件有限公司© 版权所有